Loading...
| Current Events | 3 | 23.33 | 100% | 100% | 33% |
| Fine Arts - Classical Music | 9 | 22.22 | 89% | 100% | 33% |
| Fine Arts - Other Fine Arts | 5 | 14.00 | 100% | 20% | 20% |
| Geography | 2 | 15.00 | 100% | 50% | 0% |
| History - American History | 7 | 17.14 | 86% | 86% | 0% |
| History - European History | 10 | 23.00 | 100% | 100% | 30% |
| History - Other History | 8 | 20.00 | 100% | 63% | 38% |
| History - World History | 6 | 23.33 | 100% | 100% | 33% |
| Literature - American Literature | 5 | 10.00 | 100% | 0% | 0% |
| Literature - British Literature | 8 | 8.75 | 88% | 0% | 0% |
| Literature - European Literature | 9 | 16.67 | 100% | 56% | 11% |
| Literature - World Literature | 6 | 16.67 | 100% | 33% | 33% |
| Mythology | 6 | 26.67 | 100% | 100% | 67% |
| Painting/Sculpture | 8 | 15.00 | 100% | 38% | 13% |
| Philosophy | 6 | 15.00 | 100% | 33% | 17% |
| Pop Culture | 3 | 13.33 | 100% | 33% | 0% |
| Religion | 6 | 15.00 | 100% | 50% | 0% |
| Science - Biology | 3 | 10.00 | 100% | 0% | 0% |
| Science - Chemistry | 11 | 18.18 | 91% | 73% | 18% |
| Science - Other Science | 8 | 12.50 | 63% | 50% | 13% |
| Science - Physics | 8 | 11.25 | 88% | 25% | 0% |
| Social Science | 4 | 15.00 | 100% | 50% | 0% |